000 00456cam a22001457a 4500
999 _c508925
_d508925
008 180718b-- xxu||||| |||| 00| 0 eng d
082 _aR064x54 In2/1978
100 _aIndia. Ministry of Labour. Labour Bureau
_94451
245 _aIndian labour year book, 1978
260 _aShimla
_bLabour Bureau, Ministry of Labour
_c1980
300 _a371p.
500 _aLibrary has 1978, 1984, 1999, 2008
650 _aLabour - India - Yearbooks
_92835
942 _2ddc